000 00724nam a2200289Ia 4500
005 20260324142514.0
008 008 260324s9999 xx 000 0 eng d
020 _a9780203359402
037 _aEBOOK
040 _aCRL
040 _beng
040 _cCRL
041 _2eng
041 _aeng
084 _qCRL
100 _aOtto Kernberg; Malcolm Pines; Victor Schermer
_91212188
245 0 _aRing of Fire
245 0 _bPrimitive affects and object relations in group Psychotherapy
260 _bTaylor and Francis
260 _c1994
365 _a
365 _b170
856 _uhttp://www.taylorfrancis.com/books/9780203359402
942 _cEBOOK
999 _c1816467
_d1816467